000 00933nam a22002895i 4500
001 23713941
005 20250403150944.0
008 240530s2024 ii 000 0 eng
010 _a 2024307985
020 _a9789356409903
025 _aI-E-2024307985; 49-90; 79-90
041 _aeng
042 _alcode
082 _a658.408 AND
100 _aTripathi, Amarnath and Sharma, Keshav
245 0 0 _aSustainability Entrepreneurship, Equity And Digital Strategies
260 _aNew Delhi
_bBloomsbury
_c2024
264 1 _aNew Delhi :
_bBloomsbury India,
_c2024.
300 _a397 pages
336 _atext
_btxt
_2rdacontent
337 _aunmediated
_bn
_2rdamedia
338 _avolume
_bnc
_2rdacarrier
650 _aEntrepreneurship; Sustainable Development; Organizational Change; Management; Social Change
906 _a7
_bpar
_corigode
_d3
_encip
_f20
_gy-gencatlg
942 _cBK
999 _c43534
_d43534